Návrh nových Stanov Združenia podnikateľov Slovenska
Text návrhu stanov z marca 1994 predložený na pripomienky.
Uložené v:
| Médium: | Kapitola |
|---|---|
| Jazyk: | Slovak |
| Predmet: | |
| Tagy: |
Žiadne tagy, Buďte prvý, kto otaguje tento záznam!
|
MARC
| LEADER | 00000naa a2200000 4500 | ||
|---|---|---|---|
| 001 | r014530 | ||
| 005 | 20221213114608.7 | ||
| 041 | 0 | |a slo | |
| 044 | |a SK | ||
| 245 | 1 | 0 | |a Návrh nových Stanov Združenia podnikateľov Slovenska |
| 520 | |a Text návrhu stanov z marca 1994 predložený na pripomienky. | ||
| 610 | 2 | 0 | |a Združenie podnikateľov Slovenska |
| 610 | 2 | 0 | |a stanovy |
| 610 | 2 | 0 | |a 1994 |
| 610 | 2 | 0 | |a podnikatelia |
| 610 | 2 | 0 | |a Slovensko |
| 610 | 2 | 0 | |a združenia |